00437cam a22001817a 4500003000500000005001700005008004100022010001000063011001000073035001000083040000900093082001500102100002200117245005100139260002900190300002000219650001600239CHAP20220329135240.0971013s1958 r 00010 d a33265 a34237 a38353 cCHAP a574.5bE5800aElton, Charles S.14aThe ecology of invasions by animals and plants aLondon :bMethuen,c1958 a181 p.b: ilus.14aEcología.